2024 Year End ATP Top 100 - Statistics

General Stats
  • This quiz has been taken 967 times
  • The average score is 52 of 100
Answer Stats
Rank Country Players % Correct
3 Spain Carlos Alcaraz
100%
1 Italy Jannik Sinner
100%
2 Germany Alexander Zverev
99%
5 Russia Daniil Medvedev
99%
7 Serbia Novak Djokovic
99%
11 Greece Stefanos Tsitsipas
98%
6 Norway Casper Ruud
97%
4 USA Taylor Fritz
97%
9 Australia Alex de Minaur
96%
13 Denmark Holger Rune
96%
8 Russia Andrey Rublev
95%
10 Bulgaria Grigor Dimitrov
95%
18 USA Frances Tiafoe
90%
15 United Kingdom Jack Draper
89%
16 Poland Hubert Hurkacz
87%
12 USA Tommy Paul
86%
21 USA Ben Shelton
84%
17 Italy Lorenzo Musetti
84%
29 Canada Félix Auger-Aliassime
81%
14 France Ugo Humbert
81%
65 China Yunchaokete Bu
80%
20 France Arthur Fils
79%
33 Kazakhstan Alexander Bublik
78%
19 Russia Karen Khachanov
78%
55 France Gaël Monfils
74%
30 Argentina Francisco Cerúndolo
73%
34 Italy Matteo Berrettini
72%
56 Canada Denis Shapovalov
68%
28 Czech Republic Jiří Lehečka
68%
35 Chile Nicolás Jarry
65%
36 Portugal Nuno Borges
65%
25 Czech Republic Tomáš Macháč
65%
49 United Kingdom Cameron Norrie
63%
48 Czech Republic Jakub Menšík
63%
40 Netherlands Tallon Griekspoor
63%
23 Chile Alejandro Tabilo
62%
32 Italy Flavio Cobolli
62%
27 Argentina Sebastián Báez
62%
24 Australia Alexei Popyrin
60%
53 Italy Lorenzo Sonego
60%
22 USA Sebastian Korda
57%
52 Belgium David Goffin
56%
26 Australia Jordan Thompson
52%
45 China Zhizhen Zhang
52%
61 Spain Alejandro Davidovich Fokina
51%
31 France Giovanni Mpetshi Perricard
51%
71 Belgium Zizou Bergs
50%
80 Netherlands Botic van de Zandschulp
49%
39 Argentina Tomás Martín Etcheverry
49%
54 Serbia Miomir Kecmanović
48%
42 Germany Jan-Lennard Struff
47%
51 Spain Roberto Bautista Agut
47%
69 Japan Yoshihito Nishioka
47%
37 Italy Matteo Arnaldi
43%
70 France Corentin Moutet
40%
90 Croatia Borna Ćorić
39%
58 Hungary Fábián Marozsán
39%
62 Spain Jaume Munar
39%
98 India Sumit Nagal
39%
66 France Adrian Mannarino
38%
59 France Arthur Rinderknech
37%
38 USA Brandon Nakashima
37%
83 Bosnia and Herzegovina Damir Džumhur
37%
50 China Juncheng Shang
37%
89 Germany Daniel Altmaier
36%
44 Italy Luciano Darderi
36%
41 USA Alex Michelsen
35%
91 Italy Fabio Fognini
35%
87 Canada Gabriel Diallo
35%
77 Australia Thanasi Kokkinakis
35%
78 Kazakhstan Alexander Shevchenko
34%
46 USA Marcos Giron
34%
74 Brazil Thiago Seyboth Wild
34%
81 Serbia Dušan Lajović
33%
95 Finland Emil Ruusuvuori
32%
47 Argentina Mariano Navone
32%
57 Spain Roberto Carballés Baena
31%
67 France Alexandre Muller
30%
92 Italy Luca Nardi
29%
43 Spain Pedro Martínez
29%
60 Russia Roman Safiullin
28%
76 France Hugo Gaston
27%
75 France Benjamin Bonzi
26%
94 Finland Otto Virtanen
24%
88 Austria Sebastian Ofner
24%
68 Australia Aleksandar Vukic
23%
84 Japan Taro Daniel
23%
99 United Kingdom Jacob Fearnley
22%
96 Germany Yannick Hanfmann
22%
85 Argentina Francisco Comesana
21%
72 France Quentin Halys
20%
97 Argentina Camilo Ugo Carabelli
19%
64 Australia Christopher O'Connell
17%
100 Argentina Federico Coria
17%
86 Russia Pavel Kotov
17%
73 Australia Rinky Hijikata
17%
63 France Arthur Cazaux
14%
79 Argentina Facundo Díaz Acosta
14%
82 Australia James Duckworth
13%
93 Australia Adam Walton
11%
No matching quizzes found
Score Distribution
Percent of People with Each Score
Percentile by Number Answered
Your Score History
You have not taken this quiz